Logo BPK

Biblioteka

Politechniki Koszalińskiej

Dynamiczne własności hydraulicznych układów kopiujących stosowanych w obrabiarkach / (Rekord nr 15833)

Szczegóły MARC
000 -ETYKIETA REKORDU
podpole kontrolne o stałej długości 00448nam a2200157 i 4500
001 - NUMER KONTROLNY REKORDU
pole kontrolne bg
040 ## - ŹRÓDŁO KATALOGOWANIA
Instytucja, która utworzyła rekord BPK
041 ## - KOD JĘZYKA
Kod języka tekstu pol
080 ## - UNIWERSALNA KLASYFIKACJA DZIESIĘTNA - UKD
UKD 621.9:62-5
008 - POLE O STAŁEJ DŁUGOŚCI - DANE KONTROLNE
podpole kontrolne o stałej długości s pl f |000 0 pol
100 1# - NAZWA OSOBOWA
Nazwa osobowa BATSCH, Adam
245 #0 - TYTUŁ/ODPOWIEDZIALNOŚĆ
Tytuł Dynamiczne własności hydraulicznych układów kopiujących stosowanych w obrabiarkach /
Pozostałe elementy strefy tytułu i oznaczenia odpowiedzialności Adam Batsch.
260 ## - STREFA ADRESU WYDAWNICZEGO
Miejsce wydania Rzeszów :
Nazwa wydawcy/dystrybutora Wydawnictwa Uczelniane WSI,
Data publikacji, dystrybucji/powstania dokumentu 1973.
650 #9 - HASŁO PRZEDMIOTOWE W FORMIE NAZWY OGÓLNEJ LUB JEDNOSTKOWEJ
Nazwa ogólna lub geograficzna Obrabiarki
856 ## - LOKALIZACJA I DOSTĘP DO ELEKTRONICZNYCH DOKUMENTÓW ZDALNYCH
Link (URL) http://koha.tu.koszalin.pl/cgi-bin/koha/opac-detail.pl?biblionumber=15833
Tekst linku Katalog online BPK
942 ## - DODATKOWE ELEMENTY (KOHA)
Typ dokumentu Książka
Egzemplarze
Wycofany Status egzemplarza Uszkodzony Dostępność Lokalizacja stała Lokalizacja bieżąca Miejsce przechowywania Sygnatura Kod kreskowy Typ dokumentu
      Dostępny Biblioteka Politechniki Koszalińskiej Biblioteka Politechniki Koszalińskiej Wypożyczalnia BG 19196 01447118 Książka
      Dostępny Biblioteka Politechniki Koszalińskiej Biblioteka Politechniki Koszalińskiej Wypożyczalnia BG 19196/L 02266428 Książka
© 2023 Biblioteka Politechniki Koszalińskiej :: KOHA